Statistics for NFL Players you didn't know played for the Jets

Click here to take the quiz!

General Stats

  • This quiz has been taken 16 times
  • The average score is 8 of 20

Answer Stats

Pos.Known ForPlayer% Correct
QBCINBoomer Esiason
69%
SBALEd Reed
69%
RBSDCLaDainian Tomlinson
69%
QBJAXMark Brunell
62%
QBATL and PHIMichael Vick
62%
RBTENChris Johnson
54%
RBSFFFrank Gore
54%
RBCHIMatt Forte
46%
SSFFRonnie Lott
46%
SDENSteve Atwater
46%
WRWASArt Monk
38%
DEMIAJason Taylor
38%
WRDENDemaryius Thomas
31%
RBWASJohn Riggins
31%
IOLPITAlan Faneca
15%
WRNEPChris Hogan
15%
WRTEN and BALDerrick Mason
15%
TEGBPBubba Franks
8%
WRPHIHarold Carmichael
8%
DTOAKChester McGlockton
0%

Score Distribution

Percentile by Number Answered

Percent of People with Each Score

Your Score History

You have not taken this quiz